Quizzes
Events
Quiz Creation
Community
Videos
Private Events
Remove Ads
Sign In
Join for FREE
Feedback
Dark Mode
Quiz Categories
Sports
Geography
Music
Movies
Television
Just For Fun
Miscellaneous
History
Literature
Language
Science
Gaming
Entertainment
Religion
Holiday
For Kids
Quiz Lab
Recent
Popular Today
Quiz Kudos Today
Editor Picks
Curator Picks
Quizzes by...
Day
Popularity
Type
Ratings
Length
Year
Community
Subscriptions
Recent Discussions
Orange Saloon
Badges
Playlists
Quests
Create
Leaderboards
Showdown
Live 5
Trivia Bingo
Activity
Puzzle Library
Sporcle Events
Private Events
Virtual Trivia
Globe League
Become a Host
Pub Owners
SporcleCon
Opinionation
Our Games
Videos
Blog
Mobile Apps
Partnerships
Remove Ads and Go Orange
Feedback
Sports
Athletes
MLB
NBA
NHL
NFL
Soccer
Sports Teams
WWE
NCAA
Football
Premier League
Basketball
Baseball
Hockey
Golf
Tennis
Cricket
Rugby
Auto Racing
Olympics
World Cup
Sports
Athletes
MLB
NBA
NHL
NFL
Soccer
Sports Teams
WWE
NCAA
Football
Premier League
Basketball
Baseball
Hockey
Golf
Tennis
Cricket
Rugby
Auto Racing
Olympics
World Cup
Random Quiz
Search Sporcle
×
Quiz Lab
Quiz Lab
Sports
Numbers
Type in answers that appear in a list
Type in answers that appear in a list
Classic
Best Score? Go Orange.
Newcastle United Squad 2009/10 Stats
Can you name the Newcastle United Squad 2009/10?
By
Simon77nufc
6m
38 Questions
726 Plays
726 Plays
726 Plays
Comments
Comments
Give Quiz Kudos
Give Quiz Kudos
-
- Ratings
hide this ad
Replay
Link that replays current quiz
Next Quiz
Link to next quiz in quiz playlist
You Got
0%
They Got
Avg Score
55%
Avg Friend Score
Upgrade to see
Score Distribution
Jump to the score distribution portion of the page
Score
0/38
Timer
06:00
0
Plays Today
Number
Name
% Correct
1
Steve Harper
97.8%
3
Jose Enrique
93.1%
4
Kevin Nolan
90.2%
2
Fabricio Coloccini
90.1%
27
Steven Taylor
87.3%
16
Ryan Taylor
87.1%
7
Joey Barton
85.4%
11
Peter Lovenkrands
85.3%
26
Tim Krul
83.6%
24
Andrew Carroll
82.4%
23
Shola Ameobi
82.2%
18
Jonas Gutierrez
81.1%
8
Danny Guthrie
74.5%
17
Alan Smith
73.6%
20
Geremi
70.7%
12
Danny Simpson
65.6%
22
Nicky Butt
63.2%
19
Xisco
62.9%
25
Kazenga LuaLua
62.5%
Number
Name
% Correct
28
Tamas Kadar
59.4%
46
Haris Vuckic
56.5%
30
Nile Ranger
53.2%
10
Marlon Harewood
48.9%
41
Shane Ferguson
41%
21
Fabrice Pancrate
37.6%
42
Ryan Donaldson
36.9%
34
Fraser Forster
34.2%
13
Zurab Khizanishvili
33.5%
33
Ole Soderberg
33.1%
29
Fabio Zamblera
25.5%
47
Bradden Inman
25.2%
35
Ben Tozer
24.1%
44
James Tavernier
19.1%
32
Wesley Ngo Baheng
16.5%
31
Frank Wiafe Danquah
14.5%
45
Darren Lough
9.4%
37
Callum Morris
8.5%
43
Jonny Godsmark
8.1%
Quiz Playlist
Details
Report
Send in Message
Add To Playlist
Classic:
Type in answers that appear in a list
Last Updated: Feb 16, 2017
Quiz Scoreboard
CHALLENGE
Sign Up to Join the Scoreboard
Show All
Scores
Hide
Comments
May contain spoilers
Recently Published
College Basketball Coaching Resumes
by pancakes188
Sports
9m
Billboard Blitz: Fleetwood Mac
by CooCooCachoo
Music
15s
Presidents Visiting Landmarks
by Hejman
History
7m
More to Explore
Quiz From the Vault
Featured Blog Post
Where Did the Easter Bunny Come From?
hide this ad
You Might Also Like...
Tags
Numbers Quiz
2009
Nationality
Newcastle United
Squad
United
Today's Top Quizzes in Sports
Browse Sports
hide this ad
Today's Top Quizzes in Numbers
Browse Numbers
Top Contributed Quizzes in Sports
1
2022 World Cup Stars
2
Les meilleurs buteurs des matchs entre le PSG et l’OM
3
FIFA Club World Cup Champions
4
Les entraîneurs de l'OM et du PSG au 21e siècle
5
Criteria MLB: Left Handed Sluggers
6
AFC Teams Reveal (Wrong Answers Minefield)
7
5-to-1: UK Sports Teams
8
5-to-1: FBS Animal Nicknames
9
2023 MLB Unique Player Accomplishments
10
Name the Premier League winners with different clubs
Explore More
Trending Topics
Harry Potter
Disney
Kpop
Marvel
Crossword
NBA
Anime
Soccer
Country
NFL
Pokémon
Song
The Office
Puzzle
WWE
hide this ad
More By:
Simon77nufc
Quiz
Plays
Rating
Category
Featured
Created
Formula 1 Race Circuits
4,863
2.12
Sports
Oct 1, 2009
100 Greatest F1 Drivers
2,313
3.86
Sports
Dec 8, 2009
UCI Protour Cycling Teams 2005-10
1,428
2.29
Sports
Apr 28, 2010
Newcastle United Squad 2009/10
726
3.75
Sports
Sep 23, 2009
Tour de France Riders 2010
717
4.75
Sports
Jul 6, 2010
Go to Creator's Profile
Score Distribution
Quiz Creator Spotlight
Simon77nufc
Follow
Send a Message
Quizzes Created
-
Created Quiz Play Count
-
More By This Creator
Popular Quizzes Today
1
Find the US States - No Outlines Minefield
2
Find the Countries of Europe - No Outlines Minefield
3
The Countries of the World
4
Find the US States
5
Risky Map Clicking: Biggest States A-Z
6
US States
7
Popular People in 1961
8
Movies - When Are They Set?
More Sports Quizzes
Name every Premier League team's all-time top scorer
Quiz Lab
Trending Quizzes
Risky Map Clicking: Least Populous States A-Z
1-10 Letter G Words
1-10 Letter F Words
Risky Map Clicking: Next State Alphabetically
Risky Map Clicking: Biggest States A-Z
Recently Updated
Leaping Animals
pecheneg
Reality TV Shows (A-Z)
bhenderson79
Rickey Henderson's Hall of Fame Teammates
pecheneg
Champions League XIs: Arsenal
pecheneg
Quick Pick: Celebrities in WWE's Hall of Fame
aduchscher
A-Z Keypad Blitz II
pecheneg
Multiple Oscar Actors
pecheneg
Mystery Phrase Blitz: Oscar 'Best Actors'
pecheneg
F. Scott Fitzgerald Novels
LTH
Pick 3 Villains
ddd62291
Trending Topics
Marvel
Anime
Harry Potter
NBA
Crossword
Kpop
Disney
Song
Pokémon
NFL
Soccer
Puzzle
The Office
WWE
Country
Your Account Isn't Verified!
In order to create a playlist on Sporcle, you need to verify the email address you used during registration. Go to your
Sporcle Settings
to finish the process.
Report this User
Report this user for behavior that violates our
Community Guidelines
.
Details:
Send Report
Go to the Sporcle.com Mobile Site →
Comments